| 000 | 00760nam a2200241 a 4500 | ||
|---|---|---|---|
| 001 | 25716 | ||
| 003 | CO-ViMGA | ||
| 008 | 141112s2004 ck r 000 u spa d | ||
| 020 | _a9789588366562 | ||
| 040 |
_aCO-ViMGA _bspa _cCO-ViMGA |
||
| 041 | _aSPA | ||
| 082 | 0 | 4 | _a510.9 R29h1 |
| 100 | 1 |
_aPoveda Ramos, Gabriel, 1931 - _939647 |
|
| 245 | 1 | 0 |
_aHistoria de las matemáticas en Colombia / _cGabriel Poveda Ramos |
| 250 | _a1a ed. | ||
| 260 |
_aMedellín : _bUniversidad Autónoma Latinoaméricana UNAULA, _c2012 |
||
| 300 | _a318 p. | ||
| 490 | _aPensamiento LatinoAméricano | ||
| 650 | 1 | 4 |
_aMATEMATICAS - ENSEÑANZA - COLOMBIA _939648 |
| 650 | 1 | 4 |
_aMATEMATICAS - HISTORIA - COLOMBIA _939649 |
| 650 | 1 | 4 | _aMATEMATICAS PARA INGENIEROS |
| 942 |
_2ddc _cBK |
||
| 999 |
_c5283 _d5283 |
||